Normal view
MARC view
- NAVDEP KAUR
Entry Personal Name
001 - CONTROL NUMBER
- control field: 106146
003 - CONTROL NUMBER IDENTIFIER
- control field: OSt
005 - DATE AND TIME OF LATEST TRANSACTION
- control field: 20230102154215.0
008 - FIXED-LENGTH DATA ELEMENTS
- fixed length control field: 230102|| aca||aabn | a|a d
040 ## - CATALOGING SOURCE
- Original cataloging agency: OSt
- Transcribing agency: OSt
100 ## - HEADING--PERSONAL NAME
- Personal name: NAVDEP KAUR
670 ## - SOURCE DATA FOUND
- Source citation: Work cat.: (OSt)83729: NAVDEP KAUR, TEXTBOOK OF ADVANCED NURSING PRATICE9AS PER THE SYLLABUS OF INC FOR MSC STUDENTS, 2015